Heat transfer (Record no. 4810)

000 -LEADER
fixed length control field 00374nam a22001457a 4500
008 - FIXED-LENGTH DATA ELEMENTS--GENERAL INFORMATION
fixed length control field 200902b ||||| |||| 00| 0 eng d
082 00 - DEWEY DECIMAL CLASSIFICATION NUMBER
Classification number 536.2
Item number K9227
100 ## - MAIN ENTRY--PERSONAL NAME
9 (RLIN) 1580
Personal name Kreith, Frank
245 10 - TITLE STATEMENT
Title Heat transfer
260 ## - PUBLICATION, DISTRIBUTION, ETC. (IMPRINT)
Place of publication, distribution, etc London
Name of publisher, distributor, etc International Textbook Co.
Date of publication, distribution, etc 1960
300 ## - PHYSICAL DESCRIPTION
Extent 200 p.
365 ## - TRADE PRICE
Unit of pricing 46.25
650 #0 - SUBJECT ADDED ENTRY--TOPICAL TERM
Topical term or geographic name as entry element Heat Transmission
942 ## - ADDED ENTRY ELEMENTS (KOHA)
Item type Books
Holdings
Withdrawn status Lost status Source of classification or shelving scheme Damaged status Not for loan Permanent location Current location Date acquired Source of acquisition Full call number Barcode Date last seen Koha item type
          IMU Kolkata IMU Kolkata 1963-12-20 W. Newman 536.2 K9227 02919 2020-09-02 Books
Designed and Maintained by IMU-KC Library, Kolkata Campus © Copyright All Rights Reserved

webs counters

Powered by Koha